000
00198 a2200097 4500
001
7868
100
_a
Cadoux, j
245
_a
One thousand meters down
260
_a
_b
Allen
_c
090
_c
6314
_d
6314
942
_a
NUST-CAE
_c
M
_c
32839
999
_c
242941
_d
242941